| 000 | 00665cam a22002292 4500 | ||
|---|---|---|---|
| 001 | 0000012671 | ||
| 005 | 20151217145856.0 | ||
| 008 | 090308s xx 000 0 eng d | ||
| 020 | _a0205459463 : | ||
| 040 |
_aKABU _cKABU |
||
| 050 | 0 |
_aLB1051 _b.W66 2007 |
|
| 100 | 1 |
_aWoolfolk, Anita. _@0000153573 |
|
| 245 | 1 | 0 | _aEducational psychology. |
| 250 | _a10th ed. | ||
| 260 |
_aBoston : _bPearson, _c2007. |
||
| 300 | _axxvii, 692 p. | ||
| 650 | 0 |
_aEducational psychology. _@0000153557 |
|
| 852 | 1 | _9p5900 KES | |
| 852 | 1 | _9p5900 KES | |
| 908 | _a090308 | ||
| 950 | _@1 | ||
| 999 |
_c3588 _d3588 |
||